| 000 | 00655nam a2200253Ia 4500 | ||
|---|---|---|---|
| 008 | 170203s9999 xx 000 0 und d | ||
| 020 | _a9781595662668 | ||
| 050 | _a523.2 | ||
| 050 | _b.Sm649w 2004 | ||
| 100 | _aSmith, Ian. | ||
| 245 | _aWhat's in the sky? / | ||
| 245 | _cIan Smith. | ||
| 260 | _aLaguna Hills, CA : | ||
| 260 | _bQEB Publishing. Inc. | ||
| 260 | _c2006 | ||
| 300 | _a24 pages : | ||
| 300 | _bcolor illustrations ; | ||
| 300 | _c22 x 24 cm. | ||
| 440 | _aQEB start reading and writing | ||
| 650 | _a Astronomy -- | ||
| 650 | _a Solar system -- | ||
| 650 | _xJuvenile literature. | ||
| 650 | _xJuvenile literature. | ||
| 999 |
_c305549 _d305549 |
||